000 00375cam a2200169ua 4500
020 _c1.25
041 _amal
_h
082 _a894.8121
_bANU/VA
100 _aAnujan, O M .
245 _aVaisakam /
_cO M Anujan.
_hTextual Documents
260 _a :
_bO M Anujan ,
_c1966.
300 _a88 ; .
365 _a1.25
504 _a
942 _cBK
999 _c5091
_d5091